banner-ar

القانون السياحى : (Record no. 59794)

MARC details
000 -الفاتح
حقل البيانات ثابتة الطول 00943nam a22002177a 4500
005 - وقت وتاريخ اخر تعامل مع التسجيلة
رقم الضبط 20240530110336.0
008 - عناصر البيانات ثابتة الطول - معلومات عامة
حقل البيانات ثابتة الطول 141019s2011 ua gr 000 0cara d
017 ## - رقم الايداع القانونى
رقم الايداع القانونى 24507/2010
020 ## - الرقم الدولى المعيارى للكتب
الرقم الدولى المعيارى للكتاب 9789773288099
040 ## - مصدر الفهرسة
وكالة الفهرسة الأصلية EG-CaGPL
082 04 - رقم تصنيف ديوى العشرى
رقم الطبعة 21
رقم التصنيف 341.754
رقم المادة م ق
100 0# - المدخل الرئيسى - إسم شخصى
الإسم الشخصى محمد حسين منصور
245 12 - بيان العنوان
العنوان القانون السياحى :
بقية العنوان الشركات والمنشات السياحيه ، الارشاد السياحى ، عقود الايواء والخدمات والوكالة ، المسئولية والاستثمار والائتمان السياحى والتحكيم
بيان المسئوليه,etc محمد حسين منصور
260 ## - PUBLICATION, DISTRIBUTION, ETC. (IMPRINT)
تاريخ النشر أو التوزيع 2011
300 ## - الوصف المادى
التعداد 325 ص
أبعاد الوعاء 24 سم
650 04 - المدخل الاضافى بالموضوع-مصطلح موضوعى
مصطلح موضوعي السياحة
650 04 - المدخل الاضافى بالموضوع-مصطلح موضوعى
مصطلح موضوعي السياحة
التقسيم الفرعي العام اقتصاديات
650 04 - المدخل الاضافى بالموضوع-مصطلح موضوعى
مصطلح موضوعي القانون السياحى
942 ## - عناصر المدخل الإضافي( كوها)
مصدر التصنيف او مخطط الترفيف Dewey Decimal Classification
Koha [default] item type كتاب
260 ## - PUBLICATION, DISTRIBUTION, ETC. (IMPRINT)
-- الاسكندرية :
-- دار الجامعة العربية ،
Holdings
حالة التراجع حالة الفقد حالة تلف ليس للاعارة المكان المؤقت الموقع الحالى تاريخ الاكتساب اجمالي اﻻعارات رقم الطلب الباركود تاريخ اخر مشاهدة تاريخ تفعيل السعر نوع وعاء كوها
        مكتبة القاهرة الكبرى مكتبة القاهرة الكبرى 10/19/2014   341.754 م ق 158736 10/19/2014 10/19/2014 كتاب

Powered By

EGPV